000 00729nam a2200205Ia 4500
005 20220128163146.0
008 210716s2005 xx 000 0 und d
040 _cAIMIT LIBRARY
041 _aeng
082 _a003
_214
_bSHAS
100 _aSharma, S D.
_915059
245 _aOperations research :
_btheory methods applications /
_cBy S. D. Sharma.
250 _a14th ed.
260 _aMeerut :
_bKedar Nath Ram Nath& Co ,
_c2005.
300 _axxiv,1180p. ;
_c24.5 cm.
650 _aLinear Programming and its Applications.
_915060
650 _aProbability and Statistical Analysis for Management Decisions.
_915112
650 _aQuantitative Techniques in Operations Research.
_915113
942 _2ddc
_cBK
_e14th
_k003 SHAS
999 _c187794
_d187794